National Geographic

Guardado en:
Detalles Bibliográficos
Formato: Seriadas
Lenguaje:inglés
Publicado: Washington National Geographic Society
Etiquetas: Agregar Etiqueta
Sin Etiquetas, Sea el primero en etiquetar este registro!

MARC

LEADER 00000nas1a22000001 4500
001 s120962
005 20260309124057.9
022 |a 0027-9358 
041 0 |a eng 
044 |a US 
245 1 0 |a National Geographic 
264 1 |a Washington  |b National Geographic Society